Niềm vui : Tập truyện ngắn

Gardado en:
Detalles Bibliográficos
Autor Principal: Vy, Thị Kim Bình
Formato: Libro
Idioma:Undetermined
Publicado: Hà Nội Hội nhà văn 2018
Những chủ đề:
Các nhãn: Engadir etiqueta
Sen Etiquetas, Sexa o primeiro en etiquetar este rexistro!
Thư viện lưu trữ: Trung tâm Học liệu Trường Đại học Cần Thơ
LEADER 00565nam a2200193Ia 4500
001 CTU_229832
008 210402s9999 xx 000 0 und d
082 |a 895.9223008 
082 |b B312 
100 |a Vy, Thị Kim Bình 
245 0 |a Niềm vui : 
245 0 |b Tập truyện ngắn 
245 0 |c Vy Thị Kim Bình 
260 |a Hà Nội 
260 |b Hội nhà văn 
260 |c 2018 
650 |a Truyện ngắn Việt Nam,Short stories, Vietnamese 
910 |b nthai 
980 |a Trung tâm Học liệu Trường Đại học Cần Thơ